Library Banner
Normal view MARC view

Entry Topical Term

Number of records used in: 1

001 - CONTROL NUMBER

  • control field: 6472

003 - CONTROL NUMBER IDENTIFIER

  • control field: PK-LaUMT

005 - DATE AND TIME OF LATEST TRANSACTION

  • control field: 20250624101330.0

008 - FIXED-LENGTH DATA ELEMENTS

  • fixed length control field: 250624|| aca||aabn | a|a d

040 ## - CATALOGING SOURCE

  • Original cataloging agency: PK-LaUMT
  • Transcribing agency: PK-LaUMT

150 ## - HEADING--TOPICAL TERM

  • Topical term or geographic name as entry element: Embryology human

670 ## - SOURCE DATA FOUND

  • Source citation: Work cat.: (PK-LaUMT)137838: Persaud, T. V. N. 6471, The developing human :, 2025